000 00450nam a2200169Ia 4500
008 131103s9999 xx 000 0 und d
040 _aLoreto College
041 _aEnglish
082 _a920/COL
_bLCLIB/
100 _aCollis, Robert
245 4 _aThe silver fleect
_b an autobiography
_cRobert Collis
260 _aLondon
_bThomas nelson
_c1947
300 _a290p.
_c 22cm.
650 _aAuto Biography
850 _aLCLIB/920/COL
942 _cBK
999 _c25054
_d75533